00636 2200229 4500001002100000005001500021035002000036007000300056008004100059020001800100082000800118084001400126100002200140245010900162250001000271260002900281300003000310650001400340700001300354504003000367990000900397INLIS00000000000603220200828015712 a0010-0820000033ta200828 g | ind  a9786028579117 a613 a613 ROI s0 aROIZEN, michael f1 aSehat Tanpa Dokter :bPanduan lengkap memahami tubuh agar tetap sehat dan awet muda /cMichael F. Roizen aCet.7 aBandung :bQanita,c2011 a362 hlm :b.ilus ;c24 cm 4aKesehatan0 aMehmet C aBibliografi : Hal 357-362 a1311